|
|
|
|
| LEADER |
00719nam a22002292a 4500 |
| 001 |
001863716 |
| 003 |
CZ BrMZK |
| 005 |
20230628092255.0 |
| 007 |
ta |
| 008 |
230628s1948 xr a er|||||||||||cze d |
| 015 |
|
|
|a cnb000673447
|
| 035 |
|
|
|a (OCoLC)85431700
|
| 040 |
|
|
|a ABA001
|b cze
|c CBA001
|d ABA001
|d BOA001
|
| 100 |
1 |
|
|a Junek, Václav,
|d 1913-1976
|7 jk01052158
|4 ill
|
| 245 |
1 |
0 |
|a Šťastnou cestu /
|c kreslil Václav Junek
|
| 260 |
|
|
|a Praha :
|b Václav Naňka,
|c 1948
|e (Ústí n. L. :
|f Cíl)
|
| 300 |
|
|
|a [10] s. ;
|c příč. 8°
|
| 500 |
|
|
|a Leporello
|
| 910 |
|
|
|a BOA001
|b 2-0222.572
|
| 990 |
|
|
|a BK
|
| 991 |
|
|
|b 202306
|
| 996 |
6 |
|
|b 2618752929
|c 2-0222.572
|l MZK
|r Sklad / do 24 hodin
|n 0
|w 001930957
|u 000010
|a 1
|e BOA001
|j MZK50
|s P
|